Occurrence of Laminated coot rots on non federal Timberland in North West Oregon 1976 / (Record no. 1017204)

MARC details
000 -LEADER
fixed length control field 00960nam a2200289 a 4500
001 - CONTROL NUMBER
control field vtls001566743
003 - CONTROL NUMBER IDENTIFIER
control field NLI
005 - DATE AND TIME OF LATEST TRANSACTION
control field 20210627155935.0
008 - FIXED-LENGTH DATA ELEMENTS--GENERAL INFORMATION
fixed length control field 121213s1981 lau f000 0 eng
039 #9 - LEVEL OF BIBLIOGRAPHIC CONTROL AND CODING DETAIL [OBSOLETE]
-- 201212131821
-- VLOAD
040 ## - CATALOGING SOURCE
Original cataloging agency NLI
Language of cataloging eng
Transcribing agency Datasoft_FOD_7
Description conventions AACR2
041 0# - LANGUAGE CODE
Language code of text/sound track or separate title eng
044 ## - COUNTRY OF PUBLISHING/PRODUCING ENTITY CODE
MARC country code lau
082 04 - DEWEY DECIMAL CLASSIFICATION NUMBER
Classification number 333.751370973
100 1# - MAIN ENTRY--PERSONAL NAME
Personal name Gedney, Donald R.
9 (RLIN) 916094
245 10 - TITLE STATEMENT
Title Occurrence of Laminated coot rots on non federal Timberland in North West Oregon 1976 /
Statement of responsibility, etc. by Donald R.Gedney
260 ## - PUBLICATION, DISTRIBUTION, ETC.
Place of publication, distribution, etc. Portland :
Name of publisher, distributor, etc. Forest Service,
Date of publication, distribution, etc. 1981
300 ## - PHYSICAL DESCRIPTION
Extent 7 p ;
Dimensions 28 cm.
650 #0 - SUBJECT ADDED ENTRY--TOPICAL TERM
Topical term or geographic name entry element Forest management
General subdivision Environmental aspects
Geographic subdivision United States
9 (RLIN) 1061202
650 #0 - SUBJECT ADDED ENTRY--TOPICAL TERM
Topical term or geographic name entry element Timber
General subdivision Economic aspects
Geographic subdivision United States
9 (RLIN) 1061203
887 ## - NON-MARC INFORMATION FIELD
Content of non-MARC field
901 ## - LOCAL DATA ELEMENT A, LDA (RLIN)
a AD 73352
b 30.06.2010
902 ## - LOCAL DATA ELEMENT B, LDB (RLIN)
a U.S 333.751370973 G 269
904 ## - LOCAL DATA ELEMENT D, LDD (RLIN)
l 73352
949 ## - LOCAL PROCESSING INFORMATION (OCLC)
-- VIRTUAITEM
-- 10002
-- 100
6 FOD000073352ENG
942 ## - ADDED ENTRY ELEMENTS (KOHA)
Koha issues (borrowed), all copies 0
-- 0
-- 0
-- 0
Institution code [OBSOLETE] NLI
-- NLI
-- BKS
-- -
Holdings
Withdrawn status Lost status Damaged status Not for loan Collection code Home library Current library Shelving location Date acquired Total Checkouts Full call number Barcode Date last seen Price effective from Koha item type
          National Library of India National Library of India       U.S 333.751370973 G 269 FOD000073352ENG 27/06/2021 27/06/2021 Books
                                                                           
web counter

Copyright ©2020 The National Library of India, Govt. of India ↔ Hosted by NVLI, MOC ↔ Technology and Design by National Library of India, Ministry of Culture, Govt. of India